<?xml version="1.0" encoding="UTF-8"?>
<collection xmlns="http://www.loc.gov/MARC21/slim">
<record>
  <controlfield tag="001">137216</controlfield>
  <controlfield tag="005">20240827141134.0</controlfield>
  <datafield tag="037" ind1=" " ind2=" ">
    <subfield code="a">GDOC-2023-26931</subfield>
  </datafield>
  <datafield tag="970" ind1=" " ind2=" ">
    <subfield code="a">GDOC-2023-26931</subfield>
  </datafield>
  <datafield tag="041" ind1=" " ind2=" ">
    <subfield code="a">spa</subfield>
  </datafield>
  <datafield tag="041" ind1=" " ind2=" ">
    <subfield code="a">eng</subfield>
  </datafield>
  <datafield tag="540" ind1=" " ind2=" ">
    <subfield code="a">by-nc-sa</subfield>
    <subfield code="b">Creative Commons</subfield>
    <subfield code="c">3.0</subfield>
    <subfield code="u">http://creativecommons.org/licenses/by-nc-sa/3.0/</subfield>
  </datafield>
  <datafield tag="260" ind1=" " ind2=" ">
    <subfield code="a">Zaragoza</subfield>
    <subfield code="b">Universidad de Zaragoza</subfield>
    <subfield code="c">2023-2024</subfield>
  </datafield>
  <datafield tag="245" ind1="0" ind2="0">
    <subfield code="9">26931</subfield>
    <subfield code="a">Trabajo fin de Grado</subfield>
  </datafield>
  <datafield tag="242" ind1="0" ind2="0">
    <subfield code="9">26931</subfield>
    <subfield code="a">Undergraduate Dissertation</subfield>
  </datafield>
  <datafield tag="100" ind1=" " ind2=" ">
    <subfield code="0">(orcid)0000-0002-1192-8707</subfield>
    <subfield code="a">Alberto Aleta, Casas</subfield>
    <subfield code="1">628294</subfield>
  </datafield>
  <datafield tag="700" ind1=" " ind2=" ">
    <subfield code="0">(orcid)0009-0006-7877-2985</subfield>
    <subfield code="a">Jaime Apilluelo, Allué</subfield>
    <subfield code="1">760492</subfield>
  </datafield>
  <datafield tag="700" ind1=" " ind2=" ">
    <subfield code="0">(orcid)0000-0003-2968-228X</subfield>
    <subfield code="a">Justiniano Aporta, Alfonso</subfield>
    <subfield code="1">387119</subfield>
  </datafield>
  <datafield tag="700" ind1=" " ind2=" ">
    <subfield code="0">(orcid)0000-0003-3669-6241</subfield>
    <subfield code="a">Manuel Asorey, Carballeira</subfield>
    <subfield code="1">388008</subfield>
  </datafield>
  <datafield tag="700" ind1=" " ind2=" ">
    <subfield code="0">(orcid)0000-0003-3629-0540</subfield>
    <subfield code="a">Francisco Aznar, Tabuenca</subfield>
    <subfield code="1">502382</subfield>
  </datafield>
  <datafield tag="700" ind1=" " ind2=" ">
    <subfield code="0">(orcid)0000-0002-7260-0473</subfield>
    <subfield code="a">Víctor Berdejo, Arceiz</subfield>
    <subfield code="1">523949</subfield>
  </datafield>
  <datafield tag="700" ind1=" " ind2=" ">
    <subfield code="a">Irene Calvo, Almazán</subfield>
    <subfield code="1">543659</subfield>
  </datafield>
  <datafield tag="700" ind1=" " ind2=" ">
    <subfield code="0">(orcid)0000-0003-2361-1077</subfield>
    <subfield code="a">Belén Teresa Calvo, López</subfield>
    <subfield code="1">404124</subfield>
  </datafield>
  <datafield tag="700" ind1=" " ind2=" ">
    <subfield code="0">(orcid)0000-0003-2264-2306</subfield>
    <subfield code="a">José Manuel Carmona, Martínez</subfield>
    <subfield code="1">307773</subfield>
  </datafield>
  <datafield tag="700" ind1=" " ind2=" ">
    <subfield code="0">(orcid)0000-0002-9413-0265</subfield>
    <subfield code="a">Enrique Carretero, Chamarro</subfield>
    <subfield code="1">549295</subfield>
  </datafield>
  <datafield tag="700" ind1=" " ind2=" ">
    <subfield code="0">(orcid)0000-0003-4721-7381</subfield>
    <subfield code="a">Jesús Jerónimo Clemente, Gallardo</subfield>
    <subfield code="1">327086</subfield>
  </datafield>
  <datafield tag="700" ind1=" " ind2=" ">
    <subfield code="0">(orcid)0000-0002-8100-1368</subfield>
    <subfield code="a">Iván Coarasa, Casas</subfield>
    <subfield code="1">649091</subfield>
  </datafield>
  <datafield tag="700" ind1=" " ind2=" ">
    <subfield code="a">Rubén Corcuera, Paños</subfield>
    <subfield code="1">744439</subfield>
  </datafield>
  <datafield tag="700" ind1=" " ind2=" ">
    <subfield code="0">(orcid)0000-0002-8282-3435</subfield>
    <subfield code="a">José Luis Cortés, Azcoiti</subfield>
    <subfield code="1">387193</subfield>
  </datafield>
  <datafield tag="700" ind1=" " ind2=" ">
    <subfield code="0">(orcid)0000-0002-8921-910X</subfield>
    <subfield code="a">Theopisti Dafni,  </subfield>
    <subfield code="1">572801</subfield>
  </datafield>
  <datafield tag="700" ind1=" " ind2=" ">
    <subfield code="a">David Díez, Ibáñez</subfield>
    <subfield code="1">682431</subfield>
  </datafield>
  <datafield tag="700" ind1=" " ind2=" ">
    <subfield code="a">Fernando Ezquerro, Sastre</subfield>
    <subfield code="1">719766</subfield>
  </datafield>
  <datafield tag="700" ind1=" " ind2=" ">
    <subfield code="0">(orcid)0000-0002-9551-624X</subfield>
    <subfield code="a">Fernando Falo, Forniés</subfield>
    <subfield code="1">387414</subfield>
  </datafield>
  <datafield tag="700" ind1=" " ind2=" ">
    <subfield code="0">(orcid)0000-0002-4742-4279</subfield>
    <subfield code="a">Eduardo Follana, Adin</subfield>
    <subfield code="1">146700</subfield>
  </datafield>
  <datafield tag="700" ind1=" " ind2=" ">
    <subfield code="0">(orcid)0000-0001-8674-1042</subfield>
    <subfield code="a">María Pilar García, Navarro</subfield>
    <subfield code="1">151511</subfield>
  </datafield>
  <datafield tag="700" ind1=" " ind2=" ">
    <subfield code="0">(orcid)0000-0003-1163-1687</subfield>
    <subfield code="a">Igor García, Irastorza</subfield>
    <subfield code="1">323991</subfield>
  </datafield>
  <datafield tag="700" ind1=" " ind2=" ">
    <subfield code="0">(orcid)0000-0001-7715-4970</subfield>
    <subfield code="a">José Vicente García, Esteve</subfield>
    <subfield code="1">387741</subfield>
  </datafield>
  <datafield tag="700" ind1=" " ind2=" ">
    <subfield code="0">(orcid)0000-0002-3484-6413</subfield>
    <subfield code="a">Jesús Gómez, Gardeñes</subfield>
    <subfield code="1">445708</subfield>
  </datafield>
  <datafield tag="700" ind1=" " ind2=" ">
    <subfield code="0">(orcid)0000-0001-6575-168X</subfield>
    <subfield code="a">Sergio Gutiérrez, Rodrigo</subfield>
    <subfield code="1">442450</subfield>
  </datafield>
  <datafield tag="700" ind1=" " ind2=" ">
    <subfield code="0">(orcid)0000-0003-2916-5493</subfield>
    <subfield code="a">David Iñiguez, Dieste</subfield>
    <subfield code="1">129883</subfield>
  </datafield>
  <datafield tag="700" ind1=" " ind2=" ">
    <subfield code="0">(orcid)0000-0002-2523-8598</subfield>
    <subfield code="a">Sebastián Jarabo, Lallana</subfield>
    <subfield code="1">140966</subfield>
  </datafield>
  <datafield tag="700" ind1=" " ind2=" ">
    <subfield code="a">Santiago Lamata, Otín</subfield>
    <subfield code="1">758902</subfield>
  </datafield>
  <datafield tag="700" ind1=" " ind2=" ">
    <subfield code="0">(orcid)0000-0003-4055-3390</subfield>
    <subfield code="a">Ricardo López, Ruiz</subfield>
    <subfield code="1">108909</subfield>
  </datafield>
  <datafield tag="700" ind1=" " ind2=" ">
    <subfield code="0">(orcid)0000-0002-7471-5362</subfield>
    <subfield code="a">María del Carmen López, de la Fuente</subfield>
    <subfield code="1">451552</subfield>
  </datafield>
  <datafield tag="700" ind1=" " ind2=" ">
    <subfield code="0">(orcid)0000-0002-6685-9155</subfield>
    <subfield code="a">Fernando Lorén, Mastral</subfield>
    <subfield code="1">717792</subfield>
  </datafield>
  <datafield tag="700" ind1=" " ind2=" ">
    <subfield code="0">(orcid)0000-0003-0271-8713</subfield>
    <subfield code="a">Irene Lucas, del Pozo</subfield>
    <subfield code="1">652799</subfield>
  </datafield>
  <datafield tag="700" ind1=" " ind2=" ">
    <subfield code="0">(orcid)0000-0001-6284-0521</subfield>
    <subfield code="a">Fernando Luis, Vitalla</subfield>
    <subfield code="1">128780</subfield>
  </datafield>
  <datafield tag="700" ind1=" " ind2=" ">
    <subfield code="0">(orcid)0000-0002-5352-1884</subfield>
    <subfield code="a">Gloria Luzón, Marco</subfield>
    <subfield code="1">120046</subfield>
  </datafield>
  <datafield tag="700" ind1=" " ind2=" ">
    <subfield code="0">(orcid)0000-0001-7056-6913</subfield>
    <subfield code="a">Juan Mairal, Ascaso</subfield>
    <subfield code="1">716550</subfield>
  </datafield>
  <datafield tag="700" ind1=" " ind2=" ">
    <subfield code="0">(orcid)0000-0001-9273-8165</subfield>
    <subfield code="a">Luis Martín, Moreno</subfield>
    <subfield code="1">385481</subfield>
  </datafield>
  <datafield tag="700" ind1=" " ind2=" ">
    <subfield code="0">(orcid)0000-0003-4673-9073</subfield>
    <subfield code="a">Sergio Martínez, Aranda</subfield>
    <subfield code="1">755024</subfield>
  </datafield>
  <datafield tag="700" ind1=" " ind2=" ">
    <subfield code="0">(orcid)0000-0001-9221-9306</subfield>
    <subfield code="a">Juan Pablo Martínez, Jiménez</subfield>
    <subfield code="1">115491</subfield>
  </datafield>
  <datafield tag="700" ind1=" " ind2=" ">
    <subfield code="0">(orcid)0000-0002-9043-4691</subfield>
    <subfield code="a">María Lucía Martínez, Pérez</subfield>
    <subfield code="1">311810</subfield>
  </datafield>
  <datafield tag="700" ind1=" " ind2=" ">
    <subfield code="0">(orcid)0000-0002-5380-3013</subfield>
    <subfield code="a">Nicolás Jesús Medrano, Marqués</subfield>
    <subfield code="1">136388</subfield>
  </datafield>
  <datafield tag="700" ind1=" " ind2=" ">
    <subfield code="0">(orcid)0000-0003-0828-3212</subfield>
    <subfield code="a">Ángel Millán, Escolano</subfield>
    <subfield code="1">468241</subfield>
  </datafield>
  <datafield tag="700" ind1=" " ind2=" ">
    <subfield code="0">(orcid)0000-0001-6961-7250</subfield>
    <subfield code="a">Mario Morales, Hernández</subfield>
    <subfield code="1">536157</subfield>
  </datafield>
  <datafield tag="700" ind1=" " ind2=" ">
    <subfield code="0">(orcid)0000-0002-0895-1893</subfield>
    <subfield code="a">Yamir Moreno, Vega</subfield>
    <subfield code="1">455567</subfield>
  </datafield>
  <datafield tag="700" ind1=" " ind2=" ">
    <subfield code="0">(orcid)0000-0002-6600-1618</subfield>
    <subfield code="a">Raquel Moreno, Loshuertos</subfield>
    <subfield code="1">420457</subfield>
  </datafield>
  <datafield tag="700" ind1=" " ind2=" ">
    <subfield code="0">(orcid)0000-0002-1386-5543</subfield>
    <subfield code="a">Javier Antonio Murillo, Castarlenas</subfield>
    <subfield code="1">184616</subfield>
  </datafield>
  <datafield tag="700" ind1=" " ind2=" ">
    <subfield code="0">(orcid)0000-0002-3465-6898</subfield>
    <subfield code="a">Adrián Navas, Montilla</subfield>
    <subfield code="1">589373</subfield>
  </datafield>
  <datafield tag="700" ind1=" " ind2=" ">
    <subfield code="0">(orcid)0000-0002-6591-0801</subfield>
    <subfield code="a">Sofía Zaira Otín, Mallada</subfield>
    <subfield code="1">515138</subfield>
  </datafield>
  <datafield tag="700" ind1=" " ind2=" ">
    <subfield code="0">(orcid)0000-0002-0503-8150</subfield>
    <subfield code="a">Tamara Pardo, Yanguas</subfield>
    <subfield code="1">746234</subfield>
  </datafield>
  <datafield tag="700" ind1=" " ind2=" ">
    <subfield code="0">(orcid)0000-0002-9408-4406</subfield>
    <subfield code="a">Siannah Peñaranda, Rivas</subfield>
    <subfield code="1">390505</subfield>
  </datafield>
  <datafield tag="700" ind1=" " ind2=" ">
    <subfield code="0">(orcid)0000-0001-8425-7345</subfield>
    <subfield code="a">Sergio Pérez, Gaviro</subfield>
    <subfield code="1">431911</subfield>
  </datafield>
  <datafield tag="700" ind1=" " ind2=" ">
    <subfield code="0">(orcid)0000-0001-5959-6724</subfield>
    <subfield code="a">Hugo Pérez, Martínez</subfield>
    <subfield code="1">738466</subfield>
  </datafield>
  <datafield tag="700" ind1=" " ind2=" ">
    <subfield code="0">(orcid)0000-0002-1044-8197</subfield>
    <subfield code="a">Javier Redondo, Martín</subfield>
    <subfield code="1">447203</subfield>
  </datafield>
  <datafield tag="700" ind1=" " ind2=" ">
    <subfield code="0">(orcid)0000-0003-1357-4815</subfield>
    <subfield code="a">Maykoll Anthonny Reyes, Hung</subfield>
    <subfield code="1">699072</subfield>
  </datafield>
  <datafield tag="700" ind1=" " ind2=" ">
    <subfield code="a">Sebastián Juan Roca, Jerat</subfield>
    <subfield code="1">734961</subfield>
  </datafield>
  <datafield tag="700" ind1=" " ind2=" ">
    <subfield code="a">Alejandro Sáinz, Agost</subfield>
    <subfield code="1">744798</subfield>
  </datafield>
  <datafield tag="700" ind1=" " ind2=" ">
    <subfield code="0">(orcid)0000-0002-6048-310X</subfield>
    <subfield code="a">Francisco Javier Salgado, Remacha</subfield>
    <subfield code="1">461393</subfield>
  </datafield>
  <datafield tag="700" ind1=" " ind2=" ">
    <subfield code="0">(orcid)0000-0002-5621-1937</subfield>
    <subfield code="a">Ana Isabel Sánchez, Cano</subfield>
    <subfield code="1">183176</subfield>
  </datafield>
  <datafield tag="700" ind1=" " ind2=" ">
    <subfield code="0">(orcid)0000-0002-2980-9685</subfield>
    <subfield code="a">Joaquín Sanz, Remón</subfield>
    <subfield code="1">500429</subfield>
  </datafield>
  <datafield tag="700" ind1=" " ind2=" ">
    <subfield code="0">(orcid)0000-0002-7552-1228</subfield>
    <subfield code="a">María Luisa Sarsa, Sarsa</subfield>
    <subfield code="1">141441</subfield>
  </datafield>
  <datafield tag="700" ind1=" " ind2=" ">
    <subfield code="0">(orcid)0000-0002-4094-3826</subfield>
    <subfield code="a">Pascual Sevillano, Reyes</subfield>
    <subfield code="1">521935</subfield>
  </datafield>
  <datafield tag="700" ind1=" " ind2=" ">
    <subfield code="0">(orcid)0000-0002-2244-170X</subfield>
    <subfield code="a">Jesús Mario Subías, Domingo</subfield>
    <subfield code="1">145492</subfield>
  </datafield>
  <datafield tag="700" ind1=" " ind2=" ">
    <subfield code="0">(orcid)0000-0003-2772-3762</subfield>
    <subfield code="a">Alfonso Tarancón, Lafita</subfield>
    <subfield code="1">386425</subfield>
  </datafield>
  <datafield tag="700" ind1=" " ind2=" ">
    <subfield code="a">Alejandro Tejedor, Cubero</subfield>
    <subfield code="1">473523</subfield>
  </datafield>
  <datafield tag="700" ind1=" " ind2=" ">
    <subfield code="0">(orcid)0000-0001-9814-0834</subfield>
    <subfield code="a">María Belén Villacampa, Naverac</subfield>
    <subfield code="1">128742</subfield>
  </datafield>
  <datafield tag="700" ind1=" " ind2=" ">
    <subfield code="0">(orcid)0000-0003-4478-1948</subfield>
    <subfield code="a">David Zueco, Lainez</subfield>
    <subfield code="1">449127</subfield>
  </datafield>
  <datafield tag="830" ind1=" " ind2=" ">
    <subfield code="9">447</subfield>
  </datafield>
  <datafield tag="856" ind1="4" ind2=" ">
    <subfield code="s">8334</subfield>
    <subfield code="u">http://zaguan.unizar.es/record/137216/files/guia-26931-es.pdf</subfield>
    <subfield code="y">Guía (idioma español)</subfield>
  </datafield>
  <datafield tag="856" ind1="4" ind2=" ">
    <subfield code="s">8381</subfield>
    <subfield code="u">http://zaguan.unizar.es/record/137216/files/guia-26931-en.pdf</subfield>
    <subfield code="y">Guide (english)</subfield>
  </datafield>
  <datafield tag="521" ind1=" " ind2=" ">
    <subfield code="9">124</subfield>
    <subfield code="a">Grado en Física</subfield>
    <subfield code="b">Degree in Physics</subfield>
  </datafield>
  <datafield tag="980" ind1=" " ind2=" ">
    <subfield code="a">GDOC</subfield>
    <subfield code="b">Sciences</subfield>
    <subfield code="b">Ciencias</subfield>
    <subfield code="c">100</subfield>
  </datafield>
</record>
</collection>